000 00376nam a22001577a 4500
003 OSt
005 20260325153320.0
008 260325b |||||||| |||| 00| 0 eng d
020 _a9781032702452
040 _cIIMT UNIVERSITY
100 _aDUKE, JAMES A.
245 _aHAND BOOK OF MEDICINAL HERBS
260 _aLONDON
_bCRC PRESS
_c2024
300 _a870
942 _2ddc
_c01
999 _c67660
_d67660